Accounting 1 (Record no. 1326)

MARC details
005 - DATE AND TIME OF LATEST TRANSACTION
control field 20250411161027.0
020 ## - INTERNATIONAL STANDARD BOOK NUMBER
International Standard Book Number 0-13-00-1693-4
082 ## - DEWEY DECIMAL CLASSIFICATION NUMBER
Classification number 657 SYM
100 ## - MAIN ENTRY--PERSONAL NAME
Author name SYME, G. E.
245 ## - TITLE STATEMENT
Title Accounting 1
250 ## - EDITION STATEMENT
Edition statement 3rd Ed.
260 ## - PUBLICATION, DISTRIBUTION, ETC.
Place of publication, distribution, etc. Canada,
Name of publisher, distributor, etc. prentice- Hall canada Inc,
Date of publication, distribution, etc. 1982.
300 ## - PHYSICAL DESCRIPTION
Extent xxi,654p.: Ill.;figures& table
Other physical details Index
Dimensions 25cm.
942 ## - ADDED ENTRY ELEMENTS (KOHA)
Source of classification or shelving scheme Dewey Decimal Classification
Koha item type Books
Holdings
Date last seen Total checkouts Full call number Barcode Price effective from Koha item type Lost status Source of classification or shelving scheme Damaged status Not for loan Withdrawn status Home library Current library Shelving location Date acquired
04/11/2025   657 SYM 000000 5081 04/11/2025 Books   Dewey Decimal Classification       College of Business Education Main Library College of Business Education Main Library General Collection 04/11/2025